000 01081nam0a2200337 4500
001 RU\NLR\BIBL_A\016373609
005 20240117144819.0
010 _a978-5-98862-755-5
_950
021 _aRU
_bКН-П-23-026563
_9КН-П-23-2648
035 _a(NLR Aleph) 016373609
035 _a(RuMoRGB)011748062
090 _a13190109
_c13190109
100 _a20230519d2023 u y0rusy50 ca
101 0 _arus
102 _aRU
105 _aa|||z|||000zy
181 0 _ai
_baxxe
182 0 _an
200 1 _aЧужие флаги над русским островом
_fВячеслав Сухнев
203 _aТекст
_bвизуальный
_cнепосредственный
210 _aМосква
_cГрифон
_d2023
215 _a337 с.
_cил.
_d21
333 _a16+
675 _a821.161.1-4
_v4
686 2 _aШ6(2=Р)8-47
700 1 _7ca
_8rus
_aСухнев
_bВ. Ю.
_gВячеслав Юрьевич
_9114743
_3RU\NLR\AUTH\774767
942 _cBOOK
980 _aNB